Statistics for Why Don't These Rhyme?! #5

Click here to take the quiz!

General Stats

  • This quiz has been taken 181 times
  • The average score is 19 of 24

Answer Stats

HintAnswer% Correct
Chin coveringBeard
92%
Listened toHeard
92%
Meat avoiderVegan
90%
Fine dinnerwareChina
89%
CommencedBegan
88%
Digging toolShovel
88%
Bottle topCap
87%
Courtroom dozenJury
87%
Vesuvius, eg.Volcano
86%
Swan Lake, eg.Ballet
84%
Croquet hammerMallet
84%
Female voiceSoprano
84%
ModifiesChanges
83%
Turner or FeyTina
83%
Oasis offeringWater
82%
Holy riverGanges
78%
Throb, bodily painAche
77%
EventuallyLater
77%
ExchangeSwap
75%
New, innovativeNovel
74%
Stockpile, stashCache
62%
InterBury
56%
Knightly conductChivalry
44%
CompetitivenessRivalry
42%

Score Distribution

Percentile by Number Answered

Percent of People with Each Score

Your Score History

You have not taken this quiz